Municípios da Região Metropolitana de Natal (RN) no mapa - Statistics

Estatísticas Gerais
  • Esse quiz foi jogado 138 vezes
  • A pontuação média é 9 de 15
Respostas no mapa
Respostas codificadas por cores de uma escala verde-vermelha no mapa do quiz de acordo com a % correta abaixo.
 
Estatísticas das Respostas
Município % Correto
Natal
98%
Parnamirim
91%
São Gonçalo do Amarante
85%
Extremoz
79%
Macaíba
78%
Ceará-Mirim
74%
Nísia Floresta
63%
São José de Mipibu
62%
Goianinha
53%
Maxaranguape
46%
Monte Alegre
38%
Bom Jesus
30%
Vera Cruz
28%
Ielmo Marinho
27%
Arês
22%
Nenhum quiz correspondente encontrado
Distribuição das Pontuações
Porcentagem de Pessoas com Cada Pontuação
Percentil de Números Respondidos
Sua Pontuação Histórica
Você não jogou esse quiz